000 00539nam a2200169 i 4500
001 93139
003 ES-MaACL
005 20230906181131.0
007 t|
008 050407s1908 fr ||||1| fre d
100 1 _aLoisy, Alfred.
_973147
245 1 0 _aSimples reflexions sur le décret du Saintoffice lamentabili sane exitu et sur l'Encyclique Gascendi dominici gregis /
_cAlfred Loisy.
250 _a2ª ed.
260 _aParis :
_b[s.n.],
_c1908 (
_ePoligny :
_fA. Jacquin)
300 _a307 p. ;
_c19 cm.
852 _aES-MaACL
_jF-6792
999 _c93139
_d93139